Tài lãnh đạo của vị giám đốc giỏi tiếp thị: Nhà doanh nghiệp cần biết

Na minha lista:
Detalhes bibliográficos
Autor principal: Ken Blanchard
Formato: Livro
Idioma:Undetermined
Publicado em: Thành phố Hồ Chí Minh Tổng hợp Thành phố Hồ Chí Minh 2004
Assuntos:
Tags: Adicionar Tag
Sem tags, seja o primeiro a adicionar uma tag!
Thư viện lưu trữ: Trung tâm Học liệu Trường Đại học Cần Thơ
LEADER 00663nam a2200205Ia 4500
001 CTU_101505
008 210402s9999 xx 000 0 und d
020 |c 11000 
082 |a 658.4 
082 |b B639 
100 |a Ken Blanchard 
245 0 |a Tài lãnh đạo của vị giám đốc giỏi tiếp thị: 
245 0 |b Nhà doanh nghiệp cần biết 
245 0 |c Ken Blanchard 
260 |a Thành phố Hồ Chí Minh 
260 |b Tổng hợp Thành phố Hồ Chí Minh 
260 |c 2004 
650 |a business management,leadership 
904 |i Tuyến 
980 |a Trung tâm Học liệu Trường Đại học Cần Thơ